=LDR 00000nam 2200000 4500 =001 INLIS000000000009573 =005 20130612101349 =008 ***********************************Ind** =035 ##$$0010-061300000009573 =041 ##$$a Ind =082 ##$$a 492.7 =090 ##$$a 492.7, Hid p =100 ##$$a Hidayat =245 ##$$a Pelajaran Bahasa Arab kls 2, Dr.H.D.Hidayat =260 ##$$a 1994 $b Semarang =300 ##$$a 131 hlm, 21 cm =650 ##$$a Bahasa Arab =850 ##$$a NBPNMAT